Mystery Taylor Swift Song #146 - Statistics

General Stats
  • This quiz has been taken 143 times
  • The average score is 94 of 137
Answer Stats
Song % Correct
love
96%
a
95%
I
94%
the
94%
you
93%
of
88%
on
88%
to
88%
is
87%
And
86%
me
86%
My
86%
we
85%
no
84%
one
84%
were
84%
it
83%
"When
83%
when
83%
your
83%
all
82%
It's
82%
was
82%
But
81%
don't
81%
don't."
81%
in
81%
like
81%
oh
81%
had
79%
know
79%
know."
79%
never
79%
night
79%
Opalite
79%
opalite
79%
Said
79%
Life
78%
You're
78%
for
77%
sky
77%
now
76%
This
76%
what
76%
with
76%
bad
74%
just
74%
make
74%
out
74%
told
74%
call
73%
her
73%
alright
72%
before
72%
She
72%
The Life of A Showgirl
72%
again
71%
dancing
71%
got
71%
last
71%
lovers
71%
brother
70%
gonna
70%
Have
70%
real
70%
see
70%
that's
70%
used
70%
can
69%
'Eating
69%
not
69%
own
69%
past
69%
song
69%
trash'
69%
up
69%
ends
68%
give
68%
habit
68%
onyx
68%
sunshine
68%
lightning
67%
live
67%
Lord
67%
Mama
67%
missing
67%
thought
67%
through
67%
ghosts
66%
they'll
66%
til
66%
couples
65%
friends
65%
met
65%
house
64%
seen
64%
Sleepless
64%
strikes
64%
baby
63%
move
63%
phone
63%
Why
63%
haunted
62%
made
62%
try
62%
wrong
62%
perfect
60%
foes
59%
will
59%
starving
57%
mess
56%
simple
56%
inside
54%
teacup
54%
here
53%
storm
53%
temporary
53%
messed
52%
pose
52%
couldn't
51%
alone
50%
beat
50%
left
50%
shelter
50%
felt
49%
speed
49%
sweat
49%
table
49%
bring
48%
bump
48%
finally
48%
understand
48%
drum
46%
freedom
37%
brings
34%
Thunder
31%
failure
28%
No matching quizzes found
Score Distribution
Percent of People with Each Score
Percentile by Number Answered
Your Score History
You have not taken this quiz